000 00410nam a2200169Ia 4500
001 1204
003 IN-NITTTR
005 20251114232909.0
008 251113s9999||||xx |||||||||||||| ||eng||
040 _beng
040 _cIN-NITTTR
041 _aeng
082 _a621.313 J199D
100 _aJain, G. C.
245 0 _aDesign   ,operation and testing synchronous machines. /
_cJain, G. C.
942 _2ddc
_cBK
999 _c1322
_d1322